Southville International School and Colleges
Your cart is empty.
  • Cart
  • Lists
    Public lists Eva Luna New books Lux_list list_1
    Your lists Log in to create your own lists
  • Log in to your account
  • Your cookies
  • Search history
Southville International School and Colleges
  • Advanced search
  • Recent comments
  • Most popular
  • Libraries

Log in to your account

Log in with GOOGLE


If you do not have an external account, but do have a local account, you can still log in:

  1. Home
  2. MARC view: Doing your own being :
Normal view MARC view ISBD view

Doing your own being : (Record no. 288604)

[ view plain ]
MARC details
000 -LEADER
fixed length control field 00479nam a22001577a 4500
003 - CONTROL NUMBER IDENTIFIER
control field PILC
005 - DATE AND TIME OF LATEST TRANSACTION
control field 20150903154902.0
008 - FIXED-LENGTH DATA ELEMENTS--GENERAL INFORMATION
fixed length control field 150903b xxu||||| |||| 00| 0 eng d
020 ## - INTERNATIONAL STANDARD BOOK NUMBER
International Standard Book Number 854354913
050 ## - LIBRARY OF CONGRESS CALL NUMBER
Classification number BF 637.S4
Item number .D231 1970
100 ## - MAIN ENTRY--PERSONAL NAME
Personal name Dass, Baba Ram
245 ## - TITLE STATEMENT
Title Doing your own being :
Remainder of title the baba ram dass lecture at the menninger foundation /
Statement of responsibility, etc Baba Ram Dass.
260 ## - PUBLICATION, DISTRIBUTION, ETC. (IMPRINT)
Place of publication, distribution, etc London :
Name of publisher, distributor, etc Neville Spearman,
Date of publication, distribution, etc 1970.
300 ## - PHYSICAL DESCRIPTION
Extent 121 pages ;
Dimensions 23 cm.
942 ## - ADDED ENTRY ELEMENTS (KOHA)
Source of classification or shelving scheme Library of Congress Classification
Koha item type Books
Call number prefix Foreign
Holdings
Withdrawn status Lost status Source of classification or shelving scheme Damaged status Home library Current library Shelving location Date acquired Source of acquisition Total Checkouts Full call number Barcode Date last seen Price effective from Koha item type
    Library of Congress Classification   Archives Archives   09/03/2015 Donation   BF 637.S4 .D231 1970 C19912 05/15/2018 09/03/2015 Books

Doing your own being :

APA

Dass B. R., . (1970). Doing your own being. London: Neville Spearman.

Chicago

Dass Baba Ram, . 1970. Doing your own being. London: Neville Spearman.

Harvard

Dass B. R., . (1970). Doing your own being. London: Neville Spearman.

MLA

Dass Baba Ram, . Doing your own being. London: Neville Spearman. 1970.

  • Place hold
  • Print
  • Cite
  • Add to your cart (remove)
  • Save record
    BIBTEX Dublin Core MARCXML MARC (non-Unicode/MARC-8) MARC (Unicode/UTF-8) MARC (Unicode/UTF-8, Standard) MODS (XML) RIS
  • More searches
    Search for this title in:
    Other Libraries (WorldCat) Other Databases (Google Scholar) Online Stores (Bookfinder.com) Open Library (openlibrary.org)

Exporting to Dublin Core...

SOUTHVILLE LIBRARY

Southville International School and Colleges Library

1281 Tropical Ave. Cor. Luxembourg St., BF Homes International, Las Pinas City

Tel. No. 8256374 / 252358 Loc. 117/146

Powered by Koha